| 000 | 00541nam a2200145 a 4500 | ||
|---|---|---|---|
| 008 | 100322s1992 ||||||||||||||||| || | | ||
| 050 | _aUN-ECA(08)EM | ||
| 100 | _aNgulube, N. M. J | ||
| 245 | 1 | 0 | _aPsychological testing in Zambia |
| 260 |
_aAddis Ababa _bUNECA _c1992 |
||
| 300 | _a55-68pp | ||
| 350 | _a0.00 | ||
| 710 | _aUnited Nations Economic Commission For Africa(UNECA) | ||
| 995 |
_D0.00 _FCBU-MAIN LIBRARY (Kitwe) _H1 _I0.00 _M1 _UAVAILABLE _WMar 22, 2010 _ZZambiana Collection |
||
| 999 |
_c55215 _d55215 |
||